Statystyki dla Państwa świata w 3 minuty

Kliknij tutaj aby rozwiązać quiz!

Ogólne statystyki

  • Ten quiz został rozwiązany 2 669 razy
  • Średni wynik to 59 z 196

Odpowiedzi na mapie

Odpowiedzi skodowane kolorowo w zielono-czerwonej skali na mapie do tego quizu, zgodnie z poniższymi procentami.
 

Statystyki odpowiedzi

Kraj% Poprawnych
Polska
93%
Stany Zjednoczone
92%
Rosja
91%
Kanada
88%
Niemcy
86%
Francja
85%
Hiszpania
82%
Brazylia
81%
Chiny
81%
Meksyk
80%
Szwecja
78%
Ukraina
77%
Dania
76%
Norwegia
74%
Portugalia
73%
Włochy
73%
Litwa
70%
Finlandia
69%
Argentyna
68%
Australia
68%
Łotwa
67%
Chile
66%
Indie
66%
Czechy
65%
Irlandia
65%
Islandia
65%
Wielka Brytania
65%
Estonia
64%
Białoruś
63%
Japonia
61%
Turcja
60%
Peru
58%
Słowacja
58%
Egipt
57%
Holandia
56%
Belgia
55%
Austria
54%
Grecja
52%
Kazachstan
51%
Iran
49%
Mongolia
49%
Irak
48%
Rumunia
48%
Szwajcaria
48%
Kolumbia
47%
Boliwia
45%
Słowenia
44%
Węgry
44%
Urugwaj
43%
Kuba
42%
Wenezuela
42%
Chorwacja
41%
Maroko
40%
Południowa Afryka
40%
Niger
38%
Oman
38%
Serbia
38%
Algieria
37%
Bułgaria
37%
Indonezja
37%
Paragwaj
37%
Ekwador
35%
Libia
35%
Panama
35%
Watykan
35%
Albania
34%
Jemen
33%
Madagaskar
33%
Dominika
32%
Mołdawia
32%
Monako
32%
Nigeria
32%
Nowa Zelandia
32%
Arabia Saudyjska
31%
Bośnia i
Hercegowina
31%
Andora
30%
San Marino
29%
Kongo
28%
Korea Południowa
28%
Malta
28%
Tunezja
28%
Czad
27%
Dominikana
27%
Haiti
27%
Luksemburg
27%
Sudan
27%
Cypr
26%
Gujana
26%
Jamajka
26%
Korea Północna
26%
Macedonia Północna
26%
Pakistan
26%
Kosovo
25%
Czarnogóra
24%
Honduras
24%
Izrael
24%
Mali
24%
Kostaryka
23%
Surinam
23%
Zjednoczone Emiraty
Arabskie
23%
Filipiny
22%
Liban
22%
Wietnam
22%
Gruzja
21%
Liechtenstein
21%
Tajlandia
21%
Afganistan
20%
Kenia
20%
Syria
20%
Belize
19%
Etiopia
19%
Gwatemala
19%
Laos
19%
Nepal
19%
Bahamy
18%
Nikaragua
18%
Somalia
18%
Armenia
17%
Katar
17%
Malezja
17%
Salwador
17%
Angola
16%
Demokratyczna
Republika Konga
16%
Bhutan
15%
Fidżi
15%
Gwinea
15%
Uzbekistan
15%
Ghana
14%
Senegal
14%
Kirgistan
13%
Kuwejt
13%
Mjanma
13%
Sri Lanka
13%
Tadżykistan
13%
Togo
13%
Wybrzeże Kości
Słoniowej
13%
Azerbejdżan
12%
Jordania
12%
Taiwan
12%
Turkmenistan
12%
Kambodża
11%
Papua-Nowa
Gwinea
11%
Tanzania
11%
Zambia
11%
Lesotho
10%
Liberia
10%
Mauretania
10%
Namibia
10%
Zimbabwe
10%
Antigua i Barbuda
9%
Bahrajn
9%
Bangladesz
9%
Barbados
9%
Botswana
9%
Erytrea
9%
Kamerun
9%
Mozambik
9%
Palau
9%
Republika
Środkowoafrykańska
9%
Seszele
9%
Singapur
9%
Uganda
9%
Benin
8%
Kiribati
8%
Malediwy
8%
Nauru
8%
Saint Kitts i Nevis
8%
Saint Lucia
8%
Sudan Południowy
8%
Trynidad i Tobago
8%
Tuvalu
8%
Brunei
7%
Eswatini
7%
Gabon
7%
Grenada
7%
Mikronezja
7%
Saint Vincent i
Grenadyny
7%
Samoa
7%
Tonga
7%
Vanuatu
7%
Dżibuti
6%
Gambia
6%
Malawi
6%
Rwanda
6%
Gwinea Bissau
5%
Gwinea Równikowa
5%
Komory
5%
Wyspy Marshalla
5%
Burkina Faso
4%
Burundi
4%
Mauritius
4%
Timor Wschodni
4%
Wyspy Salomona
4%
Sierra Leone
3%
Republika Zielonego
Przylądka
2%
Wyspy Świętego
Tomasza i Książęca
2%

Rozkład punktacji

Percentyl według liczby udzielonych odpowiedzi

Procent ludzi z każdym wynikiem

Twoja historia wyników

Nie rozwiązałeś tego quizu